02512agaaa2200349 45000010005000000030009000050050017000140070009000310080040000400400023000800410013001031000053001161300034001692400028002032450180002312460021004112500022004322600131004543000034005855080142006195110092007615200749008535380016016025460013016186500064016317000065016957000064017607000066018249420012018909990019019029520241019214810IT-RoPAU20220918181251.0d cvaizq50131s9999||||xx ||| | || ||und|| aIT-RoPAUcIT-RoPAU aITALIANO aAltman RobertgCodice regista SPICS: 9953949056 aFORTUNA DI COOKIE (LA)949057 aCOOKIE'S FORTUNEgT3439 aFORTUNA DI COOKIE (LA)cProdotto da: Altman R. Stroh E. -- Sceneggiatura: Rapp Anne -- Diretto da: Altman RobertpFORTUNA DI COOKIE (LA) (Rif. Codice opera principale : H4810) aCOOKIE'S FORTUNE aEdizione Standard aSA (USA)bELYSIAN DREAMS - KUDZU - MOONTSTONE ENT. / Distribuzione: LUCKY REDg"2004 (1° ed.: 2004 ; Ed. Lingua Orig.: 1998)" aDVDbsonoro, col.c114 minuti a"Fotografia: Kurita Toyomichi; Montaggio: Lim Abraham; Musica: Stewart David A.; Sceneggiatura: Rapp Anne; Scenografia: Altman Stephen; " a"Close Glenn; Moore Julianne; Tyler Liv; O'Donnell Chris; S.Dutton Charles; Neal Patri" aLA ZIA COOKIE VIVE I SUOI ULTIMI ANNI SOLITARI TRA LA NOSTALGIA DEL SUO DEFUNTO E AMATISSIMO MARITO BUCK E IL CALORE DI UN PAIO DI AFFETTI: IL FEDELECUSTODE NERO WILLIE ED EMMA, LA PIU' GIOVANE DELLE TRE NIPOTI. CON LE ALTRE DUE, CAMILLE E CORA, I RAPPORTI SONO PESSIMI. LE DUE CONSIDERANO LA ZIA TROPPO STRAVAGANTE. FINO A QUANDO COOKIE DECIDE DI SUICIDARSI CON LA PISTOLADEL MARITO. UN SUICIDIO E' UN'ONTA NELLA COMUNITA' DI HOLLY SPRING NEL MISSISSIPI, SOLO I PAZZI SI SUICIDANO E ALLORA SVELTA SVELTA CAMILLE ORGANIZZAUNA MESSINSCENA AFFINCHE' PASSI PER UN OMICIDIO E DI CUI VIENE ACCUSATO WILLIE. MA IL CASTELLO DI SABBIA COSTRUITO DA CAMILLE NON REGGERA' PER MOLTO E WILLIE VERRA' SCAGIONATO.COMMEDIA MOLTO DIVERTENTE, SOTTILE E SATIRICA. aPAL, STEREO aITALIANO aCOMMEDIAeDVD-FILM [DVD]xCodice MATERIA SPICS: 9947936668 aAltman Robert e(regista)gCodice regista SPICS: 9953949058 aRapp Anne e(soggetto)gCodice Soggetto SPICS: 38789949059 aStewart David A.e(musica)gCodice Musica SPICS: 27942949060 cDV2ddc c106845d106845 0010406H_4810_00000000000000071aSPICSbSPICSd2015-01-31l0oH4810r2015-01-31 00:00:00w2015-01-31yDVzProgr. Ins.: 3169 / N.Vol.:1 / Copie: 1 / Pag.:0 / Copia rara: n.d. / date import: 1.2.2015 / By Epidotti, Trombetti, Vaglietti